Perfil profesional deseado
Guardat en:
| Autors principals: | , , |
|---|---|
| Format: | Llibre |
| Idioma: | espanyol |
| Publicat: |
Santiago
C.P.U
1992
|
| Col·lecció: | Documento de Trabajo, 24
|
| Matèries: | |
| Etiquetes: |
Afegir etiqueta
Sense etiquetes, Sigues el primer a etiquetar aquest registre!
|
MARC
| LEADER | 00000nam a2200000 a 4500 | ||
|---|---|---|---|
| 001 | UCZ7546 | ||
| 003 | CL-VaPUC | ||
| 008 | 960105e19920600CL |||||||||||||||||spa|d | ||
| 082 | 0 | 4 | |a 371.12 |b RIO |2 21 |
| 100 | 0 | |a Rioseco G., Marilú |e author |9 352481 | |
| 700 | 0 | |a Valderrama R., Hortensia |e author |9 352482 | |
| 700 | 0 | |a Ginouvés A., Emilio |e author |9 352483 | |
| 245 | 1 | 0 | |a Perfil profesional deseado |
| 300 | |a 10 p | ||
| 942 | |c BK | ||
| 945 | |d 19960105 00:00:00 |a cmena | ||
| 260 | |a Santiago |b C.P.U |c 1992 | ||
| 650 | 0 | |a Docentes |9 311365 | |
| 650 | 0 | |a Formación profesional de profesores |9 307493 | |
| 650 | 0 | |a Currículo |9 307290 | |
| 650 | 0 | |a Universidades |9 256317 | |
| 583 | |a last modification |c 19960105 00:00:00 |k Rodrigo Vera | ||
| 490 | 0 | |a Documento de Trabajo, 24 | |
| 999 | |c 243603 |d 243601 | ||